Intense Harry Potter Quiz - Statistics

General Stats
  • This quiz has been taken 14 times
  • The average score is 4 of 15
Answer Stats
Hint Answer % Correct
what was Quirells first name quirinus
62%
who replaced Hagrid as care of magical creatures teacher professor grubbly plank
54%
what chess piece did Hermione occupy in the philosopher's stone rook
46%
what was Hagrids mother's name fridwulfa
38%
who did Fleur Delacour take to the ball roger davies
38%
what is Pavarti Patil's boggart snake
38%
what tune do the weasleys sing the hogwarts anthem to a funeral march
31%
what was the first password to Gryffindor tower caput draconis
31%
what was Harry's potions owl grade exceeds expectations
31%
what fish do the trio catch in the river in the 7th book salmon
31%
how did lunas mother die experimenting
15%
what is the password to get into the ministry of magic visitor entrance 62442
8%
what is the other name for monkshood and wolfsbane aconite
8%
what sweets does Hermione get Ron for the first Christmas bertie botts every flavour beans
8%
what are the ingredients to Voldemorts revival potion blood of enemy, flesh of servant, bone of father
8%
No matching quizzes found
Score Distribution
Percent of People with Each Score
Percentile by Number Answered
Your Score History
You have not taken this quiz